000 00352nam a22001217a 4500
040 _cHS
082 _a910
100 _aអ៊ូ វ័ឌី
245 _aភូមិវិទ្យាសេដ្ឋកិច្ចកម្ពុជា និងអាស៊ាន
260 _aCambodia
_bអ៊ូ វ័ឌី
_c1970
300 _a62p;
942 _cKB
999 _c9302
_d9302